Ixtapa-Zihuatanejo Int. Destinations (Ixtapa Zihuatanejo, Mex) - Map - Statistics

General Stats
  • This quiz has been taken 14 times
  • The average score is 16 of 19
Answers on the Map
Answers color-coded by a green-red scale on the quiz's map according to % correct below.
 
Answer Stats
Destination % Correct
Calgary
100%
Chicago (O'Hare)
100%
Dallas/Fort Worth
100%
Houston (Intercontinental)
100%
Mexico City
100%
Mexico City (AIFA)
100%
Minneapolis/St. Paul
100%
Monterrey
100%
Montréal (Trudeau)
100%
Phoenix (Sky Harbor)
100%
San Francisco
100%
Toronto (Pearson)
100%
Vancouver
100%
Guadalajara
91%
Los Angeles
91%
Puebla
73%
Morelia
27%
Querétaro
27%
Tijuana
9%
No matching quizzes found
Score Distribution
Percent of People with Each Score
Percentile by Number Answered
Your Score History
You have not taken this quiz